人体特异功能 未解之谜 (Record no. 66667)

000 -LEADER
fixed length control field 00543nam a22001937a 4500
003 - CONTROL NUMBER IDENTIFIER
control field MPLRDC
005 - DATE AND TIME OF LATEST TRANSACTION
control field 20220104200354.0
008 - FIXED-LENGTH DATA ELEMENTS--GENERAL INFORMATION
fixed length control field 210129b ||||| |||| 00| 0 eng d
020 ## - INTERNATIONAL STANDARD BOOK NUMBER
International Standard Book Number 978-986-373-270-9
082 ## - DEWEY DECIMAL CLASSIFICATION NUMBER
Classification number 297 BKXY v.9
100 ## - MAIN ENTRY--PERSONAL NAME
Personal name 远鉴文化编辑部
245 ## - TITLE STATEMENT
Title 人体特异功能 未解之谜
Statement of responsibility, etc. 廖惠玲 主编
250 ## - EDITION STATEMENT
Edition statement 三版
260 ## - PUBLICATION, DISTRIBUTION, ETC.
Place of publication, distribution, etc. 台湾
Name of publisher, distributor, etc. 人类智库数位科技股份有限公司
Date of publication, distribution, etc. 2015
300 ## - PHYSICAL DESCRIPTION
Other physical details
490 ## - SERIES STATEMENT
Series statement 不可思议: 09
650 ## - SUBJECT ADDED ENTRY--TOPICAL TERM
Topical term or geographic name entry element 异象奇闻;奇迹
942 ## - ADDED ENTRY ELEMENTS (KOHA)
Koha item type Book
-- 297 BKXY v.9
Holdings
Withdrawn status Lost status Source of classification or shelving scheme Damaged status Not for loan Collection code Home library Current library Shelving location Date acquired Cost, normal purchase price Total Checkouts Total Renewals Full call number Barcode Date last seen Date last checked out Price effective from Koha item type Public note
            Malaysian Public Library, Research and Development Centre Malaysian Public Library, Research and Development Centre   24/08/2016 43.80   1 297 BKXY v.9 00060227 18/03/2021 06/01/2018 18/03/2021 Book mplrdc

© 2022. Malaysian Public Library, Research and Development Centre. All Right ReservedE-mailmplrdc@help.edu.my 

Powered by Koha